01109 2200289 4500001002100000005001500021035002000036007000300056008004100059020002200100082001100122084002000133100001400153245009400167250003100261300003800292650001700330700003400347700002600381600002300407264003100430336002100461337003000482338002900512520026200541990001600803INLIS00000000004320420211207125432 a0010-0821000415ta211207 g 0 ind  a978-623-7211-45-7 a920.72 aSR 920.72 RIA s0 aRia Ricis1 aSaya pamit (jilid 2) /cRia Ricis ; penyunting, Larasati Fitriani ; ilustrator, DewickeyR aCetakan kelima, Maret 2020 a200 halaman :bilustrasi ;c19 cm 4aAutobiografi0 aLarasati Fitrianiepenyunting0 aDewickeyReilustrator 4aRia Ricis-biografi aJakarta :bLoveable,c2020 2rdacontentateks 2rdamediaatanpa perantara 2rdacarrieraVolume/jilid aBuku ini menceritakan mengenai kehidupan seorang Ria Ricis yang diremehkan, dikhianati oleh orang-orang kepercayaan, dijatuhkan oleh orang yang disayang, sampai dimanfaatkan oleh orang terdekat. Semua itu dirasakan oleh Ria Ricis dalam waktu yang bersamaan. a48009.60829